[Priemyselné parky]
Z obsahu: Štát verí, že priemyselné parky najlepšie vyberie sám. Intenzita záujmu investorov o lokality v SR. Na Považie sa cez parky vracia strojárstvo. Záhorie - tri parky a dosť. Za Prešov a Košice výber urobila Bratislava. Juh Slovenska napĺňa existujúce parky.
Gespeichert in:
| 1. Verfasser: | |
|---|---|
| Format: | Buchkapitel |
| Sprache: | Slowakisch |
| Schlagworte: | |
| Tags: |
Keine Tags, Fügen Sie das erste Tag hinzu!
|
MARC
| LEADER | 00000naa$a2200000$$$4500 | ||
|---|---|---|---|
| 001 | 0011649 | ||
| 005 | 20231009074522.5 | ||
| 041 | 0 | |a slo | |
| 044 | |a SK | ||
| 245 | 1 | 0 | |a [Priemyselné parky] |c Juraj Janoška ... [ et al. ] |
| 520 | |a Z obsahu: Štát verí, že priemyselné parky najlepšie vyberie sám. Intenzita záujmu investorov o lokality v SR. Na Považie sa cez parky vracia strojárstvo. Záhorie - tri parky a dosť. Za Prešov a Košice výber urobila Bratislava. Juh Slovenska napĺňa existujúce parky. | ||
| 610 | 2 | 0 | |a parky priemyselné |
| 610 | 2 | 0 | |a investori |
| 610 | 2 | 0 | |a investície zahraničné |
| 610 | 2 | 0 | |a regióny |
| 610 | 2 | 0 | |a Slovensko |
| 100 | 1 | |a Janoška, Juraj | |